00604naa#a2200169#i#4500001001900000005001700019011001400036100004100050101000800091102000700099200012400106210008300230215001000313608004500323700005200368856001400420RU\NORMA\bibl\717820260511095626.1##a1605-6590##a20151005b2015####ek#y0rusy0150####ca0#aRUS##aRU1#aАксиологический подход в международном правеeЖурнальная статья1#aМоскваcЮридическое издательство Нормаd2015##a0 с.##aЖурнальная статья2local#1aРафалюкgЕлена Евгеньевна4#azh-szf.ru